00379nam a2200133Ia 4500008004100000020001800041041000800059082001600067100001400083245006000097260004200157300001900199650002700218230511s2004 xx 000 0 und d a81-291-0319-2 aeng a781.6909225 aRoy Ashok aMusic Makers- Living Legends of Indian Classical Music  aNew DelhibRupa & Co. New Delhic2004 a334HB 25X24 cm aWorking with Sound (P)